00374nam a2200121Ia 4500082001200000100002900012245008700041260003000128300001800158650002700176650003000203710001900233 aTP.0051 aPathan, Sophia Khanum M. 0aReligion in its socio-cultural setting among the muslims in a South-Indian village c1979bKarnatak University a219p. + C D-4 aMUSLIMS - INDIA, SOUTH aISLAM AND SOCIAL PROBLEMS aSarana, Gopala